| 000 | 01190cam a22001814a 4500 | ||
|---|---|---|---|
| 005 | 20250605164031.0 | ||
| 008 | 250528s ||||||||||||||||||||||||d | ||
| 035 | _a16640 | ||
| 040 |
_aGR-AtMCL _bgre _dGR-AtMCL _eAACR2 |
||
| 245 | 1 | _aΑνθρωποκυγητητό στο Περού / Η Νέα Εποχή του Βιβλίου στην Ελλάδα | |
| 260 |
_bΒίπερ, _c1985 |
||
| 300 | _a258 | ||
| 520 | _aΟ υπολοχαγός Φρανσίνσκο Παρράζ Πλησίασε το Μάλκο. Στο Δεξί του Χέρι Κρατούσε Ένα Μαχαίρι και Χτυπούσε Απαλά την Πλατιά του Λάμα στην Παλάμη του Αριστερού του Χεριού. Μπορείς να Διαλέξεις Ουάγκα Καμπαλλέρο, Είπε Κοιτάζοντας το Μάλκο στα Μάτια. Ή μου Λες που Βρίσκεται ο Μανουέλ Γκούζμαν ή... σε Ευνουχήζω. Και Αυτό θα μου Δώσει Μεγάλη Χαρά. Έχεις Ένα Λεπτό για να Αποφασίσεις. | ||
| 700 | 1 |
_aVilliers Gerard De _92723 |
|
| 942 | _cBK | ||
| 999 |
_c2118 _d2118 |
||